<?xml version="1.0" encoding="UTF-8"?>
<record
    xmlns:xsi="http://www.w3.org/2001/XMLSchema-instance"
    xsi:schemaLocation="http://www.loc.gov/MARC21/slim http://www.loc.gov/standards/marcxml/schema/MARC21slim.xsd"
    xmlns="http://www.loc.gov/MARC21/slim">

  <leader>01051aaa a2200241 a 4500</leader>
  <controlfield tag="001">78221</controlfield>
  <controlfield tag="003">BD-RjUL</controlfield>
  <controlfield tag="005">20211209083115.0</controlfield>
  <controlfield tag="008">210822s2005    qa ||||| |||| 00| 0 ara d</controlfield>
  <datafield tag="020" ind1=" " ind2=" ">
    <subfield code="a">1086122977</subfield>
  </datafield>
  <datafield tag="035" ind1=" " ind2=" ">
    <subfield code="a">(BD-RjUL)78447</subfield>
  </datafield>
  <datafield tag="040" ind1=" " ind2=" ">
    <subfield code="a">BD-RjUL</subfield>
    <subfield code="b">eng</subfield>
    <subfield code="c">BD-RjUL</subfield>
  </datafield>
  <datafield tag="041" ind1=" " ind2=" ">
    <subfield code="a">ara</subfield>
  </datafield>
  <datafield tag="082" ind1=" " ind2=" ">
    <subfield code="2">23</subfield>
    <subfield code="a">492.70141</subfield>
    <subfield code="b">AMB 2005</subfield>
  </datafield>
  <datafield tag="100" ind1="1" ind2=" ">
    <subfield code="a">&#x623;&#x645;&#x64A;&#x646;&#x60C; &#x645;&#x635;&#x637;&#x641;&#x649; (&#x644;&#x63A;&#x648;&#x64A;),  &#x639;&#x644;&#x64A; &#x627;&#x644;&#x62C;&#x627;&#x631;&#x645; ;; Amin, Mustafa (linguist); Ali Al-Garm</subfield>
    <subfield code="9">245974</subfield>
  </datafield>
  <datafield tag="245" ind1="1" ind2="3">
    <subfield code="a">    &#x627;&#x644;&#x628;&#x644;&#x627;&#x63A;&#x629; &#x627;&#x644;&#x648;&#x627;&#x636;&#x62D;&#x629; : &#x627;&#x644;&#x628;&#x64A;&#x627;&#x646;-&#x627;&#x644;&#x645;&#x639;&#x627;&#x646;&#x64A;-&#x627;&#x644;&#x628;&#x62F;&#x64A;&#x639; &#x648;&#x62F;&#x644;&#x64A;&#x644; &#x627;&#x644;&#x628;&#x644;&#x627;&#x63A;&#x629; &#x627;&#x644;&#x648;&#x627;&#x636;&#x62D;&#x629;;; albalaghat alwadihat : albayanu-almaeani-albadie wadalil albalaghat alwadiha /</subfield>
    <subfield code="c">Ali Al-Jarm and Mustafa Amin ;; &#x639;&#x644;&#x64A; &#x627;&#x644;&#x62C;&#x627;&#x631;&#x645;  &#x648;  &#x645;&#x635;&#x637;&#x641;&#x649;  &#x623;&#x645;&#x64A;&#x646;</subfield>
  </datafield>
  <datafield tag="260" ind1=" " ind2=" ">
    <subfield code="a">&#x627;&#x644;&#x642;&#x627;&#x647;&#x631;&#x629; : .</subfield>
    <subfield code="b">&#x627;&#x644;&#x62F;&#x627;&#x631; &#x627;&#x644;&#x645;&#x635;&#x631;&#x64A;&#x629; &#x627;&#x644;&#x633;&#x639;&#x648;&#x62F;&#x64A;&#x629;&#x60C; </subfield>
    <subfield code="c">2005 1426</subfield>
  </datafield>
  <datafield tag="260" ind1=" " ind2=" ">
    <subfield code="a">alqahirat : </subfield>
    <subfield code="b">aldaar almisriat alsueudiatu,</subfield>
    <subfield code="c">2005</subfield>
  </datafield>
  <datafield tag="300" ind1=" " ind2=" ">
    <subfield code="a">496 p. ;</subfield>
    <subfield code="c">26 cm</subfield>
  </datafield>
  <datafield tag="650" ind1=" " ind2=" ">
    <subfield code="a">Arabic language</subfield>
    <subfield code="v">Rhetoric.</subfield>
    <subfield code="9">247062</subfield>
  </datafield>
  <datafield tag="700" ind1=" " ind2=" ">
    <subfield code="a"> Amin,  Mustafa</subfield>
    <subfield code="9">247064</subfield>
  </datafield>
  <datafield tag="942" ind1=" " ind2=" ">
    <subfield code="2">ddc</subfield>
    <subfield code="c">BK</subfield>
  </datafield>
  <datafield tag="999" ind1=" " ind2=" ">
    <subfield code="c">78221</subfield>
    <subfield code="d">78221</subfield>
  </datafield>
  <datafield tag="952" ind1=" " ind2=" ">
    <subfield code="0">0</subfield>
    <subfield code="1">0</subfield>
    <subfield code="2">ddc</subfield>
    <subfield code="4">0</subfield>
    <subfield code="7">1</subfield>
    <subfield code="8">NFIC</subfield>
    <subfield code="a">RUCL</subfield>
    <subfield code="b">RUCL</subfield>
    <subfield code="c">Reading</subfield>
    <subfield code="d">2008-07-10</subfield>
    <subfield code="e">Maktabatul arabia, Dhaka</subfield>
    <subfield code="g">600.00</subfield>
    <subfield code="l">0</subfield>
    <subfield code="o">A 492.70141 AMB 2005</subfield>
    <subfield code="r">2021-08-22 00:00:00</subfield>
    <subfield code="t">C-1</subfield>
    <subfield code="w">2021-08-22</subfield>
    <subfield code="y">BK</subfield>
  </datafield>
</record>
